| 000 | 00705nam a22002531 4500 | ||
|---|---|---|---|
| 001 | 27597 | ||
| 003 | BD-RjUL | ||
| 005 | 20211209051157.0 | ||
| 008 | 140325t1983 ii af 001 0 eng d | ||
| 020 | _a0706919718 | ||
| 035 | _a(BD-RjUL)27671 | ||
| 040 |
_aDLC _beng _cDLC _dBD-RjUL |
||
| 041 | _aeng | ||
| 082 | 0 | 4 |
_a954.27 _bDAS 1983 |
| 100 | 1 |
_aDas, B.S _q(Brajbir Saran), _d1925- _984752 |
|
| 245 | 1 | 4 |
_aThe Sikkim saga / _cB.S. Das |
| 260 |
_aNew Delhi : _bVikas Pub. House, _cc1983. |
||
| 300 |
_ax, 166 p. : _bill ; _c22 cm |
||
| 504 | _aIncludes index | ||
| 651 | 0 |
_aSikkim (India) _xPolitics and government _984753 |
|
| 942 |
_2ddc _cBK |
||
| 999 |
_c27597 _d27597 |
||